| Tag |
First Indicator |
Second Indicator |
Subfields |
| LEADER |
00000cam a22000004a 4500 |
| 001 |
in00002642521 |
| 005 |
20151202093406.0 |
| 008 |
101026s2011 txu 000 0 eng c |
| 010 |
|
|
|a 2010045874
|
| 020 |
|
|
|a 9780870745713 (alk. paper)
|
| 020 |
|
|
|a 0870745719 (alk. paper)
|
| 035 |
|
|
|a (OCoLC)ocn678924361
|
| 040 |
|
|
|a TXA/DLC
|c DLC
|d TXA
|d UtOrBLW
|
| 042 |
|
|
|a pcc
|
| 049 |
|
|
|a TXAM
|
| 050 |
0 |
0 |
|a R726.8
|b .T94 2011
|
| 082 |
0 |
0 |
|a 616/.029
|2 22
|
| 245 |
0 |
0 |
|a Twelve breaths a minute :
|b end-of-life essays /
|c edited by Lee Gutkind ; foreword by Karen Wolk Feinstein ; introduction by Francine Prose.
|
| 250 |
|
|
|a 1st ed.
|
| 264 |
|
1 |
|a Dallas :
|b Southern Methodist University Press,
|c [2011]
|
| 264 |
|
4 |
|c ©2011
|
| 300 |
|
|
|a xviii, 267 pages ;
|c 24 cm.
|
| 336 |
|
|
|a text
|b txt
|2 rdacontent
|
| 337 |
|
|
|a unmediated
|b n
|2 rdamedia
|
| 338 |
|
|
|a volume
|b nc
|2 rdacarrier
|
| 490 |
1 |
|
|a Medical humanities
|
| 505 |
0 |
|
|a Editor's note: Frank at the piano -- Foreword: New approaches to end-of-life care / Karen Wolk Feinstein --Introduction / Francine Prose -- To morning / Anne Jacobson -- On bearing witness / Laurie Foos -- Insights in the rearview mirror / Phyllis Westover -- The general / Larry D. Cripe -- Yellow taxi / Eve Joseph -- Wake-up call / Catherine Musemeche -- Simple gifts / Beecher Grogan -- Living and dying well / Therese Zink -- A better place / Valerie Seiling Jacobs -- Waiting (to go home) / Howard Mansfield -- Mr. Stone / Diana Flescher -- The rules / Maria Meindl -- Life and death and 911 / Caroline Burau -- Snowing in Krakow / Marcin Chwistek -- Do you remember? / Patricia McCarthy -- Just listen while the kettle boils / Joe Primo -- This is blood / Sandell Morse -- A figurative death / Carol Cooley -- Whose failure was it? / Jonathan Weinkle -- The measure of time / Amanda J. Redig -- The deep truth / Eugenia Smith -- The resurrection of Wonder Woman / Eleanor Vincent -- Twelve breaths a minute / Gulchin Ergun.
|
| 650 |
|
0 |
|a Terminal care.
|
| 650 |
|
0 |
|a Death.
|
| 650 |
|
0 |
|a Caregivers.
|
| 650 |
|
0 |
|a Terminally ill
|x Family relationships.
|
| 650 |
|
0 |
|a Palliative treatment.
|
| 700 |
1 |
|
|a Gutkind, Lee.
|
| 830 |
|
0 |
|a Medical humanities.
|
| 948 |
|
|
|a cataloged
|b h
|c 2011/6/21
|d c
|e dmitchel
|f 9:00:00 am
|
| 994 |
|
|
|a C0
|b TXA
|
| 999 |
|
|
|a MARS
|
| 999 |
f |
f |
|s 24eec14b-a088-37f3-a289-627c4615a9d1
|i 9093e669-8798-329c-a75b-94dc6f37e8d8
|t 0
|
| 952 |
f |
f |
|p normal
|a Texas A&M University
|b College Station
|c Sterling C. Evans Library
|d Evans: Library Stacks
|t 0
|e R726.8 .T94 2011
|h Library of Congress classification
|i unmediated -- volume
|m A14839517798
|
| 998 |
f |
f |
|a R726.8 .T94 2011
|t 0
|l Evans: Library Stacks
|